000
00319nam a2200121 a 4500
001
000045905
005
20201002052520.0
008
150526s1989 000 spa d
040
_a
DO-SdBNP
_b
spa
_c
BNPHU
245
0
_a
Lista de precios.
260
_a
Santo Domingo :
_b
Universitaria,
_c
1989.
300
_a
10 p. : ;
_c
21 cm.
999
_c
45394
_d
45394